| 000 | 00460nam a22001817a 4500 | ||
|---|---|---|---|
| 005 | 20240813105930.0 | ||
| 008 | 240813b |||||||| |||| 00| 0 eng d | ||
| 020 | _a9780789755391 | ||
| 082 |
_a004.167 _bMIS-M |
||
| 100 | _aMiser, Brad | ||
| 245 |
_aMy iPhone / _cBrad Miser |
||
| 250 | _a9TH ED. | ||
| 260 |
_aUSA: _bWiley; _c2016. |
||
| 300 |
_axiv, 456 p. : _bill; _c24 cm. |
||
| 500 | _ainclude index. | ||
| 650 | _aMobile Application | ||
| 999 |
_c36394 _d36394 |
||